书目信息 |
| 题名: |
数学建模
|
|
| 作者: | 梁炼 编著 | |
| 分册: | ||
| 出版信息: | 广州 华南理工大学出版社 2003.09 |
|
| 页数: | 264页 | |
| 开本: | 21cm | |
| 丛书名: | 21世纪高职高专教材 | |
| 单 册: | ||
| 中图分类: | O22 | |
| 科图分类: | ||
| 主题词: | 数学模型--高等学校--教学参考资料 | |
| 电子资源: | ||
| ISBN: | 7-5623-1983-9 | |
| 000 | 00846nam 2200253 450 | |
| 001 | 0162009875 | |
| 005 | 20050822020801.67 | |
| 010 | @a7-5623-1983-9@dCNY15.00 | |
| 100 | @a20050316d2003 km y0chiy0120 ea | |
| 101 | 0 | @achi |
| 102 | @aCN@b440000 | |
| 105 | @aa a 000yy | |
| 200 | 1 | @a数学建模@Ashu xue jian mo@f梁炼编著@Fliang lian bian zhu |
| 210 | @a广州@c华南理工大学出版社@d2003.09 | |
| 215 | @a264页@c图@d21cm | |
| 225 | 2 | @a21世纪高职高专教材 |
| 320 | @a有书目 (第264页)。 | |
| 330 | @a本书收录的论文以理论陈述与案例分析的方法,很好地实现了将实际问题用数学方法归结为数学问题,建立起描述各相关量之间关系的数学式这种形式。 | |
| 410 | 0 | @12001 @a21世纪高职高专教材 |
| 606 | 0 | @a数学模型@x高等学校@x教学参考资料 |
| 690 | @aO22@v4 | |
| 701 | 0 | @a梁炼@Aliang lian@4编著 |
| 801 | 0 | @aCN@bQSSK@c20050822 |
| 905 | @a10447@dO22@eL408 | |
| 数学建模/梁炼编著.-广州:华南理工大学出版社,2003.09 |
| 264页:图;21cm.-(21世纪高职高专教材) |
| ISBN 7-5623-1983-9:CNY15.00 |
| 本书收录的论文以理论陈述与案例分析的方法,很好地实现了将实际问题用数学方法归结为数学问题,建立起描述各相关量之间关系的数学式这种形式。 |
| ● |
| 相关链接 |
|
|
|
正题名:数学建模
索取号:O22/L408
 
预约/预借
| 序号 | 登录号 | 条形码 | 馆藏地/架位号 | 状态 | 备注 |
| 1 | 529287 | 205292878 | 自科库401/401自科库 78排2列2层/ [索取号:O22/L408] | 在馆 | |
| 2 | 529288 | 205292887 | 数理学院资料室/ [索取号:O22/L408] | 在馆 | |
| 3 | 529289 | 205292896 | 自科库401/401自科库 78排2列2层/ [索取号:O22/L408] | 在馆 |